|
|
|
|
| LEADER |
00895pam a22002658a 4500 |
| 001 |
00037595 |
| 005 |
20171109141134.0 |
| 008 |
170513s1973 ||||||Viesd |
| 041 |
0 |
# |
|a Vie
|
| 082 |
1 |
4 |
|a 759
|b M600TH
|
| 100 |
1 |
# |
|a Nguyễn, Đức Nùng
|
| 245 |
1 |
0 |
|a Mỹ thuật thời lý
|c Nguyễn Đức Nùng chủ biên...[và những người khác]
|
| 260 |
# |
# |
|a HÀ Nội
|b Văn hóa
|c 1973
|
| 300 |
# |
# |
|a 87 tr.
|b ảnh
|c 27 cm
|
| 653 |
# |
# |
|a Mỹ thuật
|
| 653 |
# |
# |
|a thời Lý
|
| 700 |
1 |
# |
|a Chu, Quang Trứ
|
| 700 |
1 |
# |
|a Nguyễn, Bá Vân
|
| 700 |
1 |
# |
|a Nguyễn, Du Chi
|
| 700 |
1 |
# |
|a Nguyễn, Tiến Cảnh
|
| 700 |
1 |
# |
|a Nguyễn, Đỗ Bảo
|
| 852 |
# |
# |
|b Kho đọc
|j KD.1000452
|
| 852 |
# |
# |
|j KM.0022408
|j KD.0021394
|
| 910 |
|
|
|d 13/05/2017
|
| 980 |
# |
# |
|a Trung tâm Học liệu Lê Vũ Hùng, Trường Đại học Đồng Tháp
|